| 000 | 00000nam 2200000zi 4500 |
| 001 | 9.947541 |
| 003 | CaOODSP |
| 005 | 20250130094424 |
| 006 | m o d f |
| 007 | cr cn||||||||| |
| 008 | 250129t20172017oncbd obs f000 0 eng d |
| 040 | |aCaOODSP|beng|erda|cCaOODSP |
| 043 | |an-cn--- |
| 086 | 1 |aCS95-640/16-2016E-PDF |
| 245 | 00|aFarmers are adapting to evolving markets. |
| 264 | 1|a[Ottawa] : |bStatistics Canada = Statistique Canada, |c2017. |
| 264 | 4|c©2017 |
| 300 | |a1 online resource (13 pages) : |bmaps, graphs. |
| 336 | |atext|btxt|2rdacontent |
| 337 | |acomputer|bc|2rdamedia |
| 338 | |aonline resource|bcr|2rdacarrier |
| 500 | |aCover title. |
| 500 | |a"Release date: June 14, 2017." |
| 500 | |aIssued also in French under title: Les exploitants agricoles s'adaptent à l'évolution des marchés. |
| 504 | |aIncludes bibliographical references (page 13). |
| 520 | |a"When eliminating the impact of price change, gross farm receipts totalled $69.4 billion in 2015, an increase of 4.7% since 2010, with larger revenue farms responsible for most of the rise"--Page 3. |
| 650 | 0|aFarmers|zCanada|xEconomic conditions|vStatistics. |
| 650 | 0|aAgriculture|xEconomic aspects|zCanada|vStatistics. |
| 655 | 7|aStatistics|2lcgft |
| 710 | 2 |aStatistics Canada, |eissuing body. |
| 775 | 08|tLes exploitants agricoles s'adaptent à l'évolution des marchés.|w(CaOODSP)9.947542 |
| 856 | 40|qPDF|s2.19 MB|uhttps://publications.gc.ca/collections/collection_2025/statcan/95-640-x/CS95-640-16-2016-eng.pdf |
| 856 | 4 |qHTML|sN/A|uhttps://www150.statcan.gc.ca/n1/pub/95-640-x/2016001/article/14815-eng.htm |
| 986 | |a95-640-X |